000 01628nam a2200337 i 4500
001 161670
003 ES-MaACL
005 20250901082208.0
008 931025e1892 sp |r 10| 0bspa
040 _aPAB
_bspa
080 _a929 Saldoni, Baltasar
080 _a78(460)"18"
100 1 _aPeña y Goñi, Antonio,
_d1846-1896
_eaut
_990290
245 1 0 _aDiscursos leídos ante la Real Academia de Bellas Artes de San Fernando en la recepción pública de Don Antonio Peña y Goñi el día 10 de abril de 1892 ; [contestación del Excmo. Sr. D. Francisco Asenjo Barbieri académico de número]
260 _aMadrid :
_b[s.n.],
_c1892
_f(Tip. de Manuel Ginés Hernández)
300 _a63 páginas ;
_c26 cm
500 _aTema: Recuerdo al artista Baltasar Saldoni
530 _aDisponible en formato digital
600 1 4 _aSaldoni, Baltasar,
_d1807-1889
_9132330
650 4 _aMúsica española-
_yS.XIX
_915407
655 7 _aDiscursos académicos
_2tgfbne
_9234367
700 1 _aBarbieri, Francisco A.,
_d1823-1894
_eaut
_925463
700 1 _aHernández, Manuel Ginés,
_d1839-1892
_eprm
_9127890
710 2 _aReal Academia de Bellas Artes de San Fernando
_eisb
_96291
752 _aEspaña -
_dMadrid
852 4 _aES-MaACL
_cADM
_jF-M-III-N(IV)
_xEnc. en un vol. facticio
_xPasta española, falto de cub. original
856 4 _uhttps://www.realacademiabellasartessanfernando.com/assets/docs/discursos_ingreso/Peña_y_Goñi_Antonio-1892.pdf
_yVersión en línea
_z(Real Academia de Bellas Artes de San Fernando)
942 _2udc
_cMONANT
_n0
999 _c161670
_d161670